PVC pipe-- design and installation (Record no. 141869)
[ view plain ]
| 000 -LEADER | |
|---|---|
| fixed length control field | 01500nam a2200385 a 4500 |
| 082 04 - DEWEY DECIMAL CLASSIFICATION NUMBER | |
| Classification number | 628.1 s |
| -- | 628.1/5 |
| 245 10 - TITLE STATEMENT | |
| Title | PVC pipe-- design and installation |
| 250 ## - EDITION STATEMENT | |
| Edition statement | 2nd ed. |
| 260 ## - PUBLICATION, DISTRIBUTION, ETC. (IMPRINT) | |
| Place of publication | Denver, Colo. : |
| Name of publisher | American Water Works Association, |
| Year of publication | c2002. |
| 300 ## - PHYSICAL DESCRIPTION | |
| Number of Pages | xi, 167 p. : |
| Other physical details | ill. |
| 490 1# - SERIES STATEMENT | |
| Series statement | Manual of water supply practices ; |
| 500 ## - GENERAL NOTE | |
| General note | "Incorporates errata dated June 1, 2010. Includes addendum dated July 30, 2010." |
| 650 #0 - SUBJECT ADDED ENTRY--TOPICAL TERM | |
| Topical Term | Water-pipes |
| Topical Term | Pipe, Plastic. |
| Topical Term | Polyvinyl chloride. |
| 856 40 - ELECTRONIC LOCATION AND ACCESS | |
| Uniform Resource Identifier | http://site.ebrary.com/lib/rucke/Doc?id=10522370 |
No items available.
